000 00256nam a22001097a 4500
008 170110b xxu||||| |||| 00| 0 eng d
020 _a9781582557007
041 _aeng
080 _a618.2
245 _aNURSING 2007 DRUG HANDBOOK
_cKLUWER, W
942 _2udc
_cBK
999 _c2673
_d2673